000 00868cpcaa22002177a 4500
001 mm 79005736
003 DLC
005 20260227111652.0
008 791217|||||||||||| eng
010 _amm 79005736
040 _aDLC
_edacs
_cDLC
_dDLC
072 7 _aN
_2lcmd
100 1 _aSullivan, John T.,
_dactive 1831-1867.
245 0 0 _aJohn T. Sullivan correspondence,
_f1831-1867.
300 _a12
_fitems.
506 0 _aOpen to research.
533 _aNegative photocopies produced from originals in possession of Esther Whigting Stonestreet.
_bWashington, D.C. :
_cLibrary of Congress Photoduplication Service,
_d1938.
546 _aCollection material in English.
580 _aForms part of: Miscellaneous Manuscripts collection.
999 _c41988
_d41988